=LDR 00000nam 2200000 4500 =001 000158 =020 $9786021624081 =082 $639.300 =100 $$a Muhammad Ulin Nuha =245 $$a Ngulik resep rahasia budidaya ikan nila /$c Muhammad Ulin Nuha =250 $Cetakan II =264 $Yogyakarta: Zahara Pustaka 2020 =300 $120 halaman; 21 cm. =650 $Perikanan =905 $639.3 MUH n =336 $$a =337 $$a =338 $$a =005 20260702151432.0 =008 260702s2026\\\\\\\\\\\\\\\\\\\\\\\\\\\\\\\\\\\\\\\\\